[Event "New Delhi Skillcraft U1800 op 1st"]
[Site "New Delhi"]
[Date "2025.01.10"]
[Round "2"]
[White "Bhandari, Jitendra Singh"]
[Black "Simar, Singh Dhody"]
[Result "1/2-1/2"]
[WhiteElo "1794"]
[BlackElo "1535"]
[PlyCount "61"]
[EventDate "2025.01.10"]
[EventType "swiss"]
[EventRounds "9"]
[EventCountry "IND"]
[SourceTitle "CB12_2025"]
[SourceDate "2025.03.19"]
[SourceVersion "1"]
[SourceVersionDate "2025.03.19"]
[SourceQuality "1"]

1. e4 c6 2. d4 d5 3. Nc3 dxe4 4. Nxe4 Nf6 5. Nxf6+ exf6 6. Nf3 Bd6 7. h3 Bf5 8. Bd3 Bxd3 9. Qxd3 Nd7 10. Be3 0-0 11. 0-0-0 Qc7 12. g4 g6 13. Rdg1 c5 14. Qd2 Rfd8 15. Kb1 cxd4 16. Nxd4 Ne5 17. Qc1 Bf8 18. Nb5 Qa5 19. Nc3 Rac8 20. Ne4 Bg7 21. Bh6 Qb4 22. Qf4 Nc4 23. Nxf6+ Kh8 24. Bxg7+ Kxg7 25. Nh5+ Kg8 26. Qf6 Na3+ 27. Ka1 Nxc2+ 28. Kb1 Na3+ 29. Ka1 Nc2+ 30. Kb1 Na3+ 31. Ka1 1/2-1/2